Engineering Economics (Record no. 19569)

MARC details
000 -LEADER
fixed length control field 00630nam a22002177a 4500
003 - CONTROL NUMBER IDENTIFIER
control field MUT
005 - DATE AND TIME OF LATEST TRANSACTION
control field 20240606081500.0
008 - FIXED-LENGTH DATA ELEMENTS--GENERAL INFORMATION
fixed length control field 190628b xxu||||| |||| 00| 0 eng d
020 ## - INTERNATIONAL STANDARD BOOK NUMBER
International Standard Book Number 0130138444
040 ## - CATALOGING SOURCE
Transcribing agency MUT
050 ## - LIBRARY OF CONGRESS CALL NUMBER
Classification number TA177.4
Item number E54 2000
245 ## - TITLE STATEMENT
Title Engineering Economics
250 ## - EDITION STATEMENT
Edition statement 2nd ed.
260 ## - PUBLICATION, DISTRIBUTION, ETC.
Place of publication, distribution, etc. Ontario, Canada
Name of publisher, distributor, etc. Prentice Hall
650 ## - SUBJECT ADDED ENTRY--TOPICAL TERM
Topical term or geographic name entry element Engineering economy
700 ## - ADDED ENTRY--PERSONAL NAME
Relationship author,
Personal name Niall M. Fraser
700 ## - ADDED ENTRY--PERSONAL NAME
Relationship author,
Personal name Irwin Bernhardt
700 ## - ADDED ENTRY--PERSONAL NAME
Relationship author
Personal name Elizabeth M Jewkes
700 ## - ADDED ENTRY--PERSONAL NAME
Relationship author
Personal name May Tajima
942 ## - ADDED ENTRY ELEMENTS (KOHA)
Source of classification or shelving scheme Library of Congress Classification
Koha item type Books
Holdings
Withdrawn status Lost status Source of classification or shelving scheme Damaged status Not for loan Home library Current library Shelving location Date acquired Source of acquisition Total checkouts Full call number Barcode Date last seen Price effective from Koha item type
    Library of Congress Classification     Murang'a University of Technology Library Murang'a University of Technology Library General stacks 28/06/2019 Donation-TFC   TA177.4 E54 2000 026847 30/08/2024 28/06/2019 Books